Modern teaching of history : theories and practices
| Other Authors: | |
|---|---|
| Format: | Book |
| Published: |
New Delhi :
Akansha Publishing House ,
2006
|
| Subjects: |
MARC
| LEADER | 00000cam a2200000 7i4500 | ||
|---|---|---|---|
| 001 | 0000018462 | ||
| 005 | 20080616.0 | ||
| 008 | 080605 | ||
| 020 | |a 8183700349 | ||
| 090 | 0 | 0 | |a 372.89044 |b MOD |
| 245 | 0 | 0 | |a Modern teaching of history : |b theories and practices |c edited by G.D. Gururani |
| 260 | |a New Delhi : |b Akansha Publishing House , |c 2006 | ||
| 650 | 0 | |a History |x Study and teaching | |
| 700 | 1 | |a Gururani, G.D. | |
| 999 | |a 0001019721 |b Book |c REFERENCE |e Perbadanan Perpustakaan Awam Johor | ||